书目信息 |
| 题名: |
电力调度及自动化岗技能操作标准化培训教程
|
|
| 作者: | 耿宪福 主编 | |
| 分册: | ||
| 出版信息: | 北京 中国石化出版社 2022 |
|
| 页数: | 144页 | |
| 开本: | 26cm | |
| 丛书名: | ||
| 单 册: | ||
| 中图分类: | TM734 , TM73 | |
| 科图分类: | ||
| 主题词: | 电力系统调度--调度自动化系统--技术培训--教材 | |
| 电子资源: | ||
| ISBN: | 978-7-5114-6592-4 | |
| 000 | 01082nam0 2200253 450 | |
| 001 | 2271514472 | |
| 005 | 20220928195221.49 | |
| 010 | @a978-7-5114-6592-4@dCNY68.00 | |
| 100 | @a20220721d2022 em y0chiy50 ea | |
| 101 | 0 | @achi |
| 102 | @aCN@b110000 | |
| 105 | @aa az 000yy | |
| 200 | 1 | @a电力调度及自动化岗技能操作标准化培训教程@9dian li tiao du ji zi dong hua gang ji neng cao zuo biao zhun hua pei xun jiao cheng@f耿宪福主编 |
| 210 | @a北京@c中国石化出版社@d2022 | |
| 215 | @a144页@c图@d26cm | |
| 300 | @a油田企业模块化、实战型技能培训系列教材/陈东升主编 | |
| 320 | @a有书目(第144页) | |
| 330 | @a本书根据中原油田电网一次设备接线方式、设备状况以及运行管理模式,紧密结合岗位实际技能需求,以规范岗位、作业规程及技术标准为依据,将日常工作中涉及到的基础知识、日常操作、规章制度、事故分析、事故处理等融入各项目内容之中,明确了各项任务的操作步骤、注意事项等实际操作内容。 | |
| 606 | 0 | @a电力系统调度@x调度自动化系统@x技术培训@j教材 |
| 690 | @aTM734@v5 | |
| 690 | @aTM73@v4 | |
| 701 | 0 | @a耿宪福@9geng xian fu@4主编 |
| 801 | 0 | @aCN@b91MARC@c20220823 |
| 905 | @aZUCC@dTM73@e3 | |
| 电力调度及自动化岗技能操作标准化培训教程/耿宪福主编.-北京:中国石化出版社,2022 |
| 144页:图;26cm |
| 油田企业模块化、实战型技能培训系列教材/陈东升主编 |
| ISBN 978-7-5114-6592-4:CNY68.00 |
| 本书根据中原油田电网一次设备接线方式、设备状况以及运行管理模式,紧密结合岗位实际技能需求,以规范岗位、作业规程及技术标准为依据,将日常工作中涉及到的基础知识、日常操作、规章制度、事故分析、事故处理等融入各项目内容之中,明确了各项任务的操作步骤、注意事项等实际操作内容。 |
| ● |
| 相关链接 |
|
|
|
正题名:电力调度及自动化岗技能操作标准化培训教程
索取号:TM73/3
 
预约/预借
| 序号 | 登录号 | 条形码 | 馆藏地/架位号 | 状态 | 备注 |
| 1 | 2000905474 | 2000905474 | 第三书库/ [索取号:TM73/3] | 在馆 | |
| 2 | 2000905475 | 2000905475 | 第三书库/ [索取号:TM73/3] | 在馆 | |
| 3 | 2000905476 | 2000905476 | 第三书库/ [索取号:TM73/3] | 在馆 |